000 00399nam a2200145Ia 4500
008 220216s9999 xx 000 0 und d
100 _aBevilacqua E M
245 0 _aEffect of oxygen on natural rubber latex (1965 reviews)
260 _bRubber Chemistry and Technology
_c1965
300 _a1214-1227
650 _a1965 reviews
650 _aNatural rubber latex
650 _aOxygen
942 _cJS
999 _c58012
_d58012